Two-way radio / (Record no. 193456)
[ view plain ]
| 000 -LEADER | |
|---|---|
| fixed length control field | 00707 a2200169 4500 |
| 003 - CONTROL NUMBER IDENTIFIER | |
| control field | Nust |
| 005 - DATE AND TIME OF LATEST TRANSACTION | |
| control field | 20221220114613.0 |
| 040 ## - CATALOGING SOURCE | |
| Transcribing agency | Nust |
| 082 ## - DEWEY DECIMAL CLASSIFICATION NUMBER | |
| Classification number | 621.384.LYT |
| 100 ## - MAIN ENTRY--PERSONAL NAME | |
| Personal name | Lytel, Allan H |
| 9 (RLIN) | 105324 |
| 245 ## - TITLE STATEMENT | |
| Title | Two-way radio / |
| Statement of responsibility, etc. | Allan H Lytel, |
| 260 ## - PUBLICATION, DISTRIBUTION, ETC. | |
| Place of publication, distribution, etc. | New York |
| Name of publisher, distributor, etc. | McGraw-Hill |
| Date of publication, distribution, etc. | 1959 |
| 300 ## - PHYSICAL DESCRIPTION | |
| Extent | 291 p. illus. 24 cm. |
| 505 ## - FORMATTED CONTENTS NOTE | |
| Formatted contents note | An Introduction to Two-Way Radio (Page-7), Principle of Modulation (Page-26), FM Transmitters (Page-49), FM Receivers (Page-86), AM Transmitters and Receivers (Page-133), Antennas (Page-153), Selective Calling (Page-180), Power Supplies (Page-202), Installation (Page-214), Test Equipment (Page-232), Servicing (Page-255). |
| 650 ## - SUBJECT ADDED ENTRY--TOPICAL TERM | |
| Topical term or geographic name entry element | Radio |
| 942 ## - ADDED ENTRY ELEMENTS (KOHA) | |
| Source of classification or shelving scheme | |
| Koha item type | Book |
| Withdrawn status | Lost status | Source of classification or shelving scheme | Damaged status | Not for loan | Permanent Location | Current Location | Shelving location | Date acquired | Full call number | Barcode | Date last seen | Price effective from | Koha item type | Public note |
|---|---|---|---|---|---|---|---|---|---|---|---|---|---|---|
| Military College of Signals (MCS) | Military College of Signals (MCS) | General Stacks | 12/12/2016 | 621.384,LYT | MCS6622 | 12/08/2016 | 12/12/2016 | Book | Almirah No.84, Shelf No.1 | |||||
| Military College of Signals (MCS) | Military College of Signals (MCS) | General Stacks | 12/12/2016 | 621.384,LYT | MCS7009 | 12/08/2016 | 12/12/2016 | Book | Almirah No.38, Shelf No.3 | |||||
| Military College of Signals (MCS) | Military College of Signals (MCS) | General Stacks | 12/12/2016 | 621.384,LYT | MCS7010 | 12/08/2016 | 12/12/2016 | Book Bank | Almirah No.84, Shelf No.1 |
